The Odyssey

Zapisane w:
Opis bibliograficzny
1. autor: Homer
Format: Książka
Język:English
Wydane: London David Campbell Publishers 1992
Seria:Everymens' library
Hasła przedmiotowe:
Etykiety: Dodaj etykietę
Nie ma etykietki, Dołącz pierwszą etykiete!
Thư viện lưu trữ: Trung tâm Học liệu Lê Vũ Hùng, Trường Đại học Đồng Tháp
LEADER 00724pam a22002418a 4500
001 00025452
005 20171026081022.0
008 110805s1992 ||||||engsd
041 0 # |a eng 
082 1 4 |a 883  |b TH200O 
100 1 # |a Homer 
245 1 4 |a The Odyssey  |c Homer 
260 # # |a London  |b David Campbell Publishers  |c 1992 
300 # # |a xxvii, 509 p.  |c 21 cm. 
490 # # |a Everymens' library 
504 # # |a Includes bibliographical references (p. xxv-xxvii) 
650 # 4 |a Hi Lap 
650 # 4 |a Trường ca 
650 # 4 |a Văn học cổ đại 
852 # # |b Kho đọc  |j KD.0008531 
852 # # |j KD.0008531 
910 |d 05/08/2011 
980 # # |a Trung tâm Học liệu Lê Vũ Hùng, Trường Đại học Đồng Tháp